000 01010nam a22003377a 4500
003 CHAP
005 20230629062633.0
008 971013s1989 r 00010 d
010 _a4054
011 _a5026
035 _a4232
040 _cCHAP
090 _aFolleto 11574y
100 0 0 _aLizárraga, Rolando.
_967223
245 1 _aTissue culture for elimination of pathogens
260 _aLima :
_bCentro Internacional de la Papa,
_c1989
300 _a21 p.
490 _aCIP Research guide
_v; 3
500 _aD52-134
590 _aBATCH-UPD
_b10
_c20130110
_lUCH01
_h1325
590 _aBATCH-UPD
_b10
_c20130410
_lUCH01
_h0833
590 _aBATCH-UPD
_b10
_c20130914
_lUCH01
_h0939
590 _aCONVERSION
_b10
_c20130109
_lUCH01
_h1303
650 1 4 _aCultivo de tejidos.
_930213
650 1 7 _aPapas
_xEnfermedades
_2
_985227
650 1 4 _aPapa
_xPropagación.
_985279
830 0 _aCIP Research guide
_v; 3
901 _aBK
942 _cFOLL
949 _aFolleto 11574y
_bBC
_cFOLL
_d-13765
_eTS1
_i4232
_mD
_si
999 _c4054
_d4054